|
|
|
|
| LEADER |
00000nam0a2200000 4500 |
| 001 |
218175 |
| 005 |
20231101230157.0 |
| 010 |
|
|
|a 9785829113988
|
| 010 |
|
|
|a 978-5-98426-122-7
|
| 035 |
|
|
|a (RuTPU)RU\TPU\book\238186
|
| 090 |
|
|
|a 218175
|
| 100 |
|
|
|a 20120615d2012 m y0rusy50 ca
|
| 101 |
0 |
|
|a rus
|
| 102 |
|
|
|a RU
|
| 105 |
|
|
|a a j 001zy
|
| 200 |
1 |
|
|a Геополитика России
|e учебное пособие
|f А. Г. Дугин
|
| 210 |
|
|
|a Москва
|c Академический проект
|c Гаудеамус
|d 2012
|
| 215 |
|
|
|a 424 с.
|c ил.
|
| 225 |
1 |
|
|a Gaudeamus
|
| 320 |
|
|
|a Библиогр.: с. 403-415.
|
| 330 |
|
|
|a В пособии представлена первая геополитическая реконструкция русской истории и ее узловых моментов, осуществленная основателем российской школы геополитики.Помимо ставших традиционными подходов и оценок исторических событий с геополитической точки зрения, особого внимания заслуживает развернутое авторское обсуждение сущности российских политических процессов последних двух десятилетий. Учебное пособие для студентов, изучающих геополитику, историю, социологию и политические науки, преподавателей гуманитарных вузов, а также для широкого круга читателей, интересующихся геополитикой._
|
| 600 |
|
1 |
|a Ельцин
|g Борис Николаевич
|c российский государственный и политический деятель
|f 1931-2007
|b Б. Н.
|c 1-й президент РФ
|2 stltpush
|3 (RuTPU)RU\TPU\pers\1064
|
| 600 |
|
1 |
|a Путин
|g Владимир Владимирович
|b В. В.
|c российский государственный деятель
|c президент РФ
|f 1952-
|2 stltpush
|3 (RuTPU)RU\TPU\pers\988
|
| 606 |
1 |
|
|a Геополитика
|y Россия
|2 stltpush
|3 (RuTPU)RU\TPU\subj\6222
|9 34156
|
| 610 |
1 |
|
|a политика
|
| 610 |
1 |
|
|a история
|
| 610 |
1 |
|
|a социология
|
| 610 |
1 |
|
|a геополитические теории
|
| 610 |
1 |
|
|a европейский континентализм
|
| 610 |
1 |
|
|a русская школа
|
| 610 |
1 |
|
|a Туранская цивилизация
|
| 610 |
1 |
|
|a Киевская Русь
|
| 610 |
1 |
|
|a удельная Русь
|
| 610 |
1 |
|
|a монголосфера
|
| 610 |
1 |
|
|a Московское царство
|
| 610 |
1 |
|
|a 19 век
|
| 610 |
1 |
|
|a 20 век
|
| 610 |
1 |
|
|a СССР
|
| 610 |
1 |
|
|a 21 век
|
| 610 |
1 |
|
|a политические процессы
|
| 610 |
1 |
|
|a германская геополитика
|
| 610 |
1 |
|
|a геополитическое положение
|
| 610 |
1 |
|
|a Советский Союз
|
| 610 |
1 |
|
|a 18 век
|
| 610 |
1 |
|
|a Чечня
|
| 610 |
1 |
|
|a российско-грузинский конфликт
|
| 610 |
1 |
|
|a учебные пособия
|
| 686 |
|
|
|a Ф2(2)я73
|v LBC/SL-A
|2 rubbk
|
| 700 |
|
1 |
|a Дугин
|b А. Г.
|g Александр Гельевич
|
| 801 |
|
1 |
|a RU
|b 63413507
|c 20120615
|
| 801 |
|
2 |
|a RU
|b 63413507
|c 20150603
|g RCR
|
| 900 |
|
|
|a Геополитика
|
| 942 |
|
|
|c BK
|
| 951 |
|
|
|b 040100
|
| 959 |
|
|
|a 92/20120615
|d 2
|e 450,00
|f ЧЗГЛ:1
|f АНЛ:1
|